| 000 | 00967cam a22002774a 4500 | ||
|---|---|---|---|
| 999 |
_c6413 _d6413 |
||
| 001 | 12894104 | ||
| 003 | GZU | ||
| 005 | 20210422121644.0 | ||
| 008 | 020814s2003 enka b 001 0 eng | ||
| 010 | _a 2002033223 | ||
| 020 | _a0632055995 (softcover: alk. paper) | ||
| 040 |
_aDLC _cDLC _dDLC |
||
| 042 | _apcc | ||
| 050 | 0 | 0 |
_aTT507 _b.MCK 2003 |
| 100 | 1 |
_aMcKelvey, Kathryn. _eauthor |
|
| 245 | 1 | 0 |
_aFashion design : _bprocess, innovation & practice / _cKathryn McKelvey & Janine Munslow. |
| 260 |
_aOsney Mead, Oxford, UK ; _aMalden, MA, USA : _bBlackwell Science, _cc2003. |
||
| 300 |
_aviii, 228 p. : _bill. (some col.) ; _c25 cm. |
||
| 504 | _aIncludes bibliographical references (p. 224) and index. | ||
| 650 | 0 | _aFashion design. | |
| 650 | 0 |
_aFashion design _xVocational guidance. |
|
| 650 | 0 |
_aFashion _xVocational guidance. |
|
| 700 | 1 |
_aMunslow, Janine. _eauthor |
|
| 906 |
_a7 _bcbc _corignew _d1 _eocip _f20 _gy-gencatlg |
||
| 942 |
_2lcc _cBK _h507 _iMCK _kTT |
||